LEADER 01276oam 2200385 a 450 001 9910702903003321 005 20230902161819.0 035 $a(CKB)3460000000108115 035 $a(OCoLC)656424644 035 $a(EXLCZ)993460000000108115 100 $a20100817d2010 ua 0 101 0 $aeng 135 $aurbn||||||||| 181 $ctxt$2rdacontent 182 $cc$2rdamedia 183 $acr$2rdacarrier 200 14$aThe employment situation$b[electronic resource] $eFebruary 2010 : hearing before the Joint Economic Committee, Congress of the United States, One Hundred Eleventh Congress, second session, March 5, 2010 210 1$aWashington :$cU.S. G.P.O.,$d2010. 215 $a1 online resource (iii, 69 pages) $cillustrations 225 1 $aS. hrg. ;$v111-544 300 $aTitle from title screen (viewed on Aug. 17, 2010). 517 $aEmployment situation 606 $aUnemployment$zUnited States 606 $aLabor market$zUnited States 606 $aManpower policy$zUnited States 615 0$aUnemployment 615 0$aLabor market 615 0$aManpower policy 801 0$bGPO 801 1$bGPO 801 2$bGPO 906 $aBOOK 912 $a9910702903003321 996 $aThe employment situation$93115854 997 $aUNINA LEADER 01508oam 2200457zu 450 001 9910133743703321 005 20241212220320.0 010 $a9780769548869 010 $a0769548865 035 $a(CKB)3280000000025788 035 $a(SSID)ssj0001035104 035 $a(PQKBManifestationID)12461106 035 $a(PQKBTitleCode)TC0001035104 035 $a(PQKBWorkID)11030080 035 $a(PQKB)11221218 035 $a(NjHacI)993280000000025788 035 $a(EXLCZ)993280000000025788 100 $a20160829d2012 uy 101 0 $aeng 135 $aur||||||||||| 181 $ctxt 182 $cc 183 $acr 200 10$a2012 International Conference on Asian Language Processing (IALP) 210 31$a[Place of publication not identified]$cIEEE$d2012 215 $a1 online resource (xxi, 242 pages) $cillustrations 300 $aBibliographic Level Mode of Issuance: Monograph 311 08$a9781467361132 311 08$a1467361135 606 $aNatural language processing (Computer science)$vCongresses 606 $aComputational linguistics$vCongresses 606 $aOriental languages$xData processing$vCongresses 615 0$aNatural language processing (Computer science) 615 0$aComputational linguistics 615 0$aOriental languages$xData processing 676 $a006.3 801 0$bPQKB 906 $aPROCEEDING 912 $a9910133743703321 996 $a2012 International Conference on Asian Language Processing (IALP)$92534812 997 $aUNINA